000 00245nam a2200097Ia 4500
001 978014
005 20250826220739.0
008 250824s9999 xx 000 0 und d
245 0 _aSİYAH GÜLLER
_cAHMED GÜNBAY YILDIZ
260 _bTİMAŞ YAYINLARI
999 _c978014
_d978014